| 000 | 00791cam4a220021700 4500 | ||
|---|---|---|---|
| 001 | tmp15930916 | ||
| 003 | UPRA | ||
| 005 | 20190821142209.0 | ||
| 008 | 951113q19501959ru eng u | ||
| 035 | _a(Sirsi) r92393 | ||
| 035 | _a(UPRA)tmp15930916 | ||
| 040 | _cUPRA | ||
| 041 | 1 |
_aeng rus _heng rus |
|
| 050 | 0 | _a D 764 Smi 195-? | |
| 100 | 1 |
_aSmirnov, S. S. (Sergei Sergeevich), 1915- _qSmirnov, S. S. (Sergei Sergeevich), 1915- _dSmirnov, S. S. (Sergei Sergeevich), 1915- _6A51258.1 |
|
| 245 | 1 | 0 |
_aHeroes of Brest Fortress / _c[translated by R. Daglish]. |
| 260 |
_aMoscow : _bForegin Languages Publishing House, _c[195-?] |
||
| 650 | 0 |
_aBrest-Litvosk, Battle of, 1941- _6S40187.1 |
|
| 949 |
_a D 764 Smi 195-? _wlcc _c 1 _i33729000044128 _mMAIN _p2500 _tBOOK _lON-SHELF |
||
| 004 | 92393 | ||
| 999 |
_c118565 _d118565 |
||